000 00643nam a2200193 i 4500
001 31665
003 ES-MaACL
005 20250805063234.0
007 t|
008 030129s1962 sp ||||1| spa d
100 1 _aBécquer, Gustavo Adolfo,
_d1836-1870
_926974
245 1 0 _aRimas y leyendas /
_cGustavo Adolfo Bécquer ; selección, estudio y notas por Ildefonso Manuel Gil.
250 _a7ª ed.
260 _aZaragoza, etc. :
_bEditorial Ebro,
_c[1962]
300 _a125 p. :
_bretr. aut. ;
_c18 cm.
700 0 _aGil, Ildefonso Manuel,
_d1912-2003
_956735
852 _aES-MaACL
_jC-22653
_bR.51170
999 _c31665
_d31665